000
00494nam a2200169Ia 4500
008
090711s9999 xx 000 0 und d
082
_b
25737
100
_a
रेगे रामSांद्र भ.
245
_a
रु प तेरा
260
_c
1972
300
_a
144
600
_a
रेगे रामSांद्र भ.
630
_a
रु प तेरा
700
_a
रेगे रामSांद्र भ.
730
_a
रु प तेरा
942
_c
BOOK
999
_c
298618
_d
298618